Cláusula penal : (Registro nro. 173364)
[ vista simple ]
| 000 -LEADER | |
|---|---|
| fixed length control field | 01163nam a22003611i 4500 |
| 001 - CONTROL NUMBER | |
| control field | bslw10110049 |
| 003 - CONTROL NUMBER IDENTIFIER | |
| control field | UtOrBLW |
| 006 - FIXED-LENGTH DATA ELEMENTS--ADDITIONAL MATERIAL CHARACTERISTICS--GENERAL INFORMATION | |
| fixed length control field | m o d |
| 007 - PHYSICAL DESCRIPTION FIXED FIELD--GENERAL INFORMATION | |
| fixed length control field | cr un ---uuuua |
| 008 - FIXED-LENGTH DATA ELEMENTS--GENERAL INFORMATION | |
| fixed length control field | 231212s2023 bl ob 000 0 por d |
| 020 ## - INTERNATIONAL STANDARD BOOK NUMBER | |
| International Standard Book Number | 9786555157796 |
| Qualifying information | (Ebook) |
| 035 ## - | |
| -- | 42663 |
| 040 ## - CATALOGING SOURCE | |
| Original cataloging agency | UtOrBLW |
| Language of cataloging | eng |
| Description conventions | rda |
| Transcribing agency | UtOrBLW |
| 043 ## - | |
| -- | s-bl--- |
| 050 #4 - | |
| -- | KHD839 |
| -- | .R67 2023 |
| 082 04 - | |
| -- | 346.8107 |
| -- | 23 |
| 100 1# - MAIN ENTRY--PERSONAL NAME | |
| Personal name | Rosenvald, Nelson, |
| Relator term | author. |
| 245 10 - TITLE STATEMENT | |
| Title | Cláusula penal : |
| Remainder of title | a pena privada nas relações negociais / |
| Statement of responsibility, etc | Nelson Rosenvald. |
| 250 ## - | |
| -- | Terceira edição. |
| 264 #1 - | |
| -- | Indaiatuba, SP : |
| -- | Editora Foco, |
| -- | 2023. |
| 300 ## - PHYSICAL DESCRIPTION | |
| Extent | 1 online resource (xii, 329 pages) |
| 336 ## - | |
| -- | text |
| -- | txt |
| -- | rdacontent |
| 337 ## - | |
| -- | computer |
| -- | c |
| -- | rdamedia |
| 338 ## - | |
| -- | online resource |
| -- | cr |
| -- | rdacarrier |
| 504 ## - BIBLIOGRAPHY, ETC. NOTE | |
| Bibliography, etc | Includes bibliographical references. |
| 650 #0 - SUBJECT ADDED ENTRY--TOPICAL TERM | |
| Topical term or geographic name as entry element | Penalties, Contractual |
| Geographic subdivision | Brazil. |
| 650 #0 - SUBJECT ADDED ENTRY--TOPICAL TERM | |
| Topical term or geographic name as entry element | Commercial law |
| Geographic subdivision | Brazil. |
| 856 40 - LOCALIZACIÓN Y ACCESO ELECTRÓNICO | |
| Identificador Uniforme del Recurso (URI/URL) | https://app.vlex.com/#/sources/42663 |
| 912 ## - | |
| -- | 1993 |
| -- | 12/12/2023 |
| -- | 10110049 |
| -- | cha |
| -- | OE |
| -- | 000000-1 |
| -- | 1993 |
| -- | 12/12/2023 |
| 911 ## - | |
| -- | Vlex |
| -- | Original |
| 942 ## - | |
| -- | RAA |
| 999 ## - | |
| -- | 173364 |
| -- | 173364 |
No hay ítems disponibles.